Accounting
Zapisane w:
| 1. autor: | |
|---|---|
| Format: | Książka |
| Język: | Undetermined |
| Wydane: |
Upper Saddle River, N.J.
McGraw-Hill
2007
|
| Hasła przedmiotowe: | |
| Etykiety: |
Dodaj etykietę
Nie ma etykietki, Dołącz pierwszą etykiete!
|
| Thư viện lưu trữ: | Trung tâm Học liệu Trường Đại học Cần Thơ |
|---|
| LEADER | 00521nam a2200193Ia 4500 | ||
|---|---|---|---|
| 001 | CTU_128698 | ||
| 008 | 210402s9999 xx 000 0 und d | ||
| 020 | |c 462000 | ||
| 082 | |a 657 | ||
| 082 | |b H811 | ||
| 100 | |a Horngren, Charles T. | ||
| 245 | 0 | |a Accounting | |
| 245 | 0 | |c Charles T. Horngren, Walter T. Harrison | |
| 260 | |a Upper Saddle River, N.J. | ||
| 260 | |b McGraw-Hill | ||
| 260 | |c 2007 | ||
| 650 | |a Accounting,Kế toán | ||
| 904 | |i Minh | ||
| 980 | |a Trung tâm Học liệu Trường Đại học Cần Thơ | ||